| 000 | 00598nam a2200193Ia 4500 | ||
|---|---|---|---|
| 003 | GCL | ||
| 008 | 140319s9999 xx 000 0 ara d | ||
| 040 |
_aGCL / _cGCL |
||
| 082 | 0 | 4 |
_a377.6962 _bس ت |
| 100 | 1 | _aسليمان نسيم | |
| 245 | 1 | 0 |
_aالتربية فى العصر القبطى والشخصية القومية المصرية / _cسليمان نسيم |
| 260 |
_a[S.N] : _bدار الثقافة العربية |
||
| 300 | _a175 ص | ||
| 490 | _a | ||
| 650 | 0 | 4 | _aالتربية |
| 650 | 0 | 4 | _aالفراعنة |
| 650 | 0 | 4 | _aمصر القديمة - تاريخ |
| 942 |
_2ddc _cBK |
||
| 999 |
_c43120 _d43120 |
||